[Event "Figueres Region-ch"]
[Site "Figueres	"]
[Date "2021.11.20"]
[Round "8"]
[White "Rueda Medina, Alex"]
[Black "Olcina Monells, Jordi"]
[Result "1/2-1/2"]
[WhiteElo "1505"]
[BlackElo "1714"]
[PlyCount "78"]
[EventDate "2021.09.25"]
[EventType "swiss"]
[EventRounds "9"]
[EventCountry "ESP"]
[SourceTitle "EXT 2023"]
[Source "ChessBase"]
[SourceDate "2022.10.05"]
[SourceVersion "1"]
[SourceVersionDate "2022.10.05"]
[SourceQuality "1"]

1. e4 e5 2. Nf3 Nc6 3. Bb5 a6 4. Ba4 Nf6 5. 0-0 b5 6. Bb3 Bc5 7. Re1 d6 8. c3 0-0 9. h3 Re8 10. d3 Bb6 11. Nbd2 Ne7 12. d4 Ng6 13. Nf1 Bb7 14. Ng3 exd4 15. cxd4 Nxe4 16. Nxe4 Rxe4 17. Bxf7+ Kf8 18. Bxg6 Rxe1+ 19. Nxe1 hxg6 20. Qg4 Qf6 21. Be3 Re8 22. Rd1 Qf5 23. Qf4 Qxf4 24. Bxf4 Bxd4 25. Rxd4 Rxe1+ 26. Kh2 Re2 27. Rd2 Re4 28. Kg3 Ke7 29. f3 Re6 30. Rc2 c5 31. b3 Kd7 32. Bc1 Kc6 33. Kg4 a5 34. Bb2 b4 35. Bxg7 Kb5 36. Bf8 Rf6 37. Be7 Re6 38. Bf8 Rf6 39. Be7 Re6 1/2-1/2

[Event "Figueres Region-ch"]
[Site "Figueres	"]
[Date "2021.10.09"]
[Round "3"]
[White "Buenacasa Garcia, Jordi Joan"]
[Black "Rueda Medina, Alex"]
[Result "1-0"]
[WhiteElo "1889"]
[BlackElo "1505"]
[PlyCount "44"]
[EventDate "2021.09.25"]
[EventType "swiss"]
[EventRounds "9"]
[EventCountry "ESP"]
[SourceTitle "EXT 2023"]
[Source "ChessBase"]
[SourceDate "2022.10.05"]
[SourceVersion "1"]
[SourceVersionDate "2022.10.05"]
[SourceQuality "1"]

1. e4 c5 2. Nf3 g6 3. d4 cxd4 4. Nxd4 Nc6 5. Nc3 Bg7 6. Be3 Nf6 7. Bc4 Qa5 8. f3 Qb4 9. Nxc6 Qxb2 10. Nb5 bxc6 11. Nc7+ Kd8 12. Nxa8 Qc3+ 13. Kf2 Qxc4 14. Rb1 Qa4 15. Rb8 d5 16. exd5 cxd5 17. Re1 e6 18. Qb1 Nd7 19. Qb7 Nxb8 20. Qc7+ Ke8 21. Qxc8+ Ke7 22. Bg5+ Kd6 1-0